Testour et sa Grande Mosquée /

محفوظ في:

المؤلف الرئيسي: Marçais, Georges, 1876-1962 (مؤلف)

مؤلفون آخرون: Zbiss, Slimane Mostafa.

التنسيق: كتاب

اللغة: French

منشور في: Tunis : Ministère des affaires culturelles, 1981.

سلاسل: Notes et documents / Institut national d'archeologie et d'art ; 3ème série, 3.

الموضوعات:

الوسوم: إضافة وسم

لا توجد وسوم, كن أول من يضع وسما على هذه التسجيلة!

رقم الطلب: DT269 .T37 M373

LEADER 01124nam a22002897a 4500
003 OSt
005 20260420171935.0
008 260420t1981 ti af b 000 0 fre d
040 |c ARCE Library 
041 0 |a fre  |b ara 
043 |a f-ti--- 
050 1 4 |a DT269 .T37  |b M373 
100 1 |a Marçais, Georges,  |d 1876-1962,  |e author 
245 1 0 |a Testour et sa Grande Mosquée /  |c texte de Georges Marçais ; version arabe de Slimane-Mostafa Zbiss. 
264 1 |a Tunis :  |b Ministère des affaires culturelles,  |c 1981. 
300 |a 23, 28 pages, [20] pages of plates :  |b illustrations ;  |c 27 cm. 
490 1 |a Notes et documents / Institut national d'archeologie et d'art ;  |v 3ème série, 3. 
500 |a Added t.p. in Arabic : Tastūr wa-jāmiʻuhā al-kabīr. 
504 |a Includes bibliographical references. 
546 |a Arabic and French. 
650 0 |a Mosques  |z Tunisia  |z Tastūr. 
651 0 |a Tastūr (Tunisia)  |x History.  |9 18166 
700 1 |a Zbiss, Slimane Mostafa. 
830 0 |a Notes et documents / Institut national d'archeologie et d'art ;   |v 3ème série, 3. 
901 |a reviewed 
942 |c BK  |2 lcc 
999 |c 14968  |d 14968